00466nam a2200133Ia 4500008004100000100002000041245006100061245005500122260005300177260001800230300000800248650001500256856006100271170221s9999 xx 000 0 und d aChong Mahn Ling aFramework for Effective Cross-border Knowledge Transfer  cChong Mahn Ling, Yuen Yee Yen, Wendy Teoh Ming Yen bInternational Review of Management and Marketing cDecember 2014 a6:2 xMarketing. uhttp://www.econjournals.com/index.php/irmm/issue/view/77